Tender evaluation (Record no. 76675)
[ view plain ]
| 000 -LEADER | |
|---|---|
| fixed length control field | 01011cab a2200181 4500 |
| 001 - CONTROL NUMBER | |
| control field | ##L132896 |
| 008 - FIXED-LENGTH DATA ELEMENTS--GENERAL INFORMATION | |
| fixed length control field | 060320n2006 000 0 eng u |
| 035 ## - SYSTEM CONTROL NUMBER | |
| System control number | (Sirsi) u132896 |
| 041 0# - LANGUAGE CODE | |
| Language code of text/sound track or separate title | eng |
| 100 1# - MAIN ENTRY--PERSONAL NAME | |
| Personal name | Pearson, David |
| 245 00 - TITLE STATEMENT | |
| Title | Tender evaluation |
| Remainder of title | assessing technical competence |
| 260 ## - PUBLICATION, DISTRIBUTION, ETC. | |
| Date of publication, distribution, etc. | 2006 |
| 490 #0 - SERIES STATEMENT | |
| Series statement | Facilities Management |
| Volume/sequential designation | 13(6) March 2006, 14-15(2) |
| 520 ## - SUMMARY, ETC. | |
| Summary, etc. | Looks at ways to evaluate the technical competence of prospective contractors, as part of the pre-qualification procedure or following the submission of tenders. This includes obtaining evidence that that they are capable of complying with health and safety standards and that their qualifications are up to date. The intensity of each assessment depends on the level of the individual's role and responsibility as well as company's overall attitude to health and safety. |
| 590 ## - LOCAL NOTE (RLIN) | |
| Local note | IKA280306 |
| 690 ## - LOCAL SUBJECT ADDED ENTRY--TOPICAL TERM (OCLC, RLIN) | |
| Topical term or geographic name as entry element | MANAGEMENT-HEALTH AND SAFETY-HEALTH AND SAFETY RISK MANAGEMENT-HEALTH AND SAFETY RISK ASSESSMENT |
| 942 ## - ADDED ENTRY ELEMENTS (KOHA) | |
| Suppress in OPAC | 0 |
| Withdrawn status | Lost status | Source of classification or shelving scheme | Damaged status | Not for loan | Home library | Current library | Shelving location | Date acquired | Total Checkouts | Full call number | Barcode | Date last seen | Copy number | Price effective from | Koha item type |
|---|---|---|---|---|---|---|---|---|---|---|---|---|---|---|---|
| Dewey Decimal Classification | London | London | Journal article | 20/03/2006 | L132896 | 132896-1001 | 06/08/2019 | 1 | 06/08/2019 | Journal article |